000 01176nam a22002657a 4500
001 1830
005 20250819121454.0
020 _a9781407139685
040 _aFISKH
_beng
_cFISKH
_dFISKH
050 _aPZ7.J134
082 _a823.92
100 _aHawkins, Sarah
245 _aThe lonely pony /
_cBy Sarah Hawkins Illustrated by Jon Davis
260 _aLondon :
_bScholastic,
_c2014
300 _a150, 6 unnumberd pages
490 _aRSPCA Series
_vBook 8
505 _aM
520 _aMia's mother is a groom at an RSPCA centre so she's used to looking after ponies. But when Polly arrives at the centre, underweight and frightened, Mia knows that this pony is going to need a lot of care and attention. At first Polly is too scared to go near humans, but Mia and her mother spend weeks gently nursing her back to health. With Mia's help, Polly will learn to trust again. An exciting, inspiring story based on a real-life animal rescue. With illustrations throughout and lots of facts about ponies and the RSPCA.
521 _a810
_bRaz-Plus
521 _aM
_bRaz-Plus
650 _2Horses
650 _2Animal Rescue
650 _2Ponies
942 _2ddc
_cBK
_n0
999 _c1830
_d1830